[Event "Sao Paulo Hebraica op 17th"]
[Site "Sao Paulo"]
[Date "2014.01.12"]
[Round "5"]
[White "Pinto, Ana Vitoria de Jesu"]
[Black "Lima, Venancio Mesquita"]
[Result "0-1"]
[WhiteElo "1654"]
[BlackElo "1858"]
[PlyCount "74"]
[EventDate "2014.01.09"]
[EventType "swiss"]
[EventRounds "6"]
[EventCountry "BRA"]
[SourceTitle "CBM 158 Extra"]
[Source "ChessBase"]
[SourceDate "2014.02.28"]
[SourceVersion "1"]
[SourceVersionDate "2014.02.28"]
[SourceQuality "1"]

1. e4 c5 2. Nf3 Nc6 3. d4 cxd4 4. Nxd4 Nf6 5. Nc3 g6 6. Nxc6 bxc6 7. Be2 d6 8. Bf4 Qa5 9. Bd3 Bg7 10. 0-0 0-0 11. h3 Rb8 12. Rb1 e5 13. Bg5 h6 14. Bh4 d5 15. exd5 cxd5 16. a3 Be6 17. Qc1 e4 18. Be2 Nd7 19. b4 Qc7 20. Nb5 Rxb5 21. Bxb5 Ne5 22. Be2 f5 23. f4 Nc4 24. Bxc4 Qxc4 25. Bf2 d4 26. Kh2 Rc8 27. Kh1 Bd7 28. Qd1 Ba4 29. Rc1 a6 30. Kg1 e3 31. Qf3 exf2+ 32. Kh2 Bxc2 33. Rxf2 d3 34. Qb7 Rc7 35. Qf3 Qe4 36. Qg3 g5 37. Kg1 Bd4 0-1

[Event "Sao Paulo Hebraica op 17th"]
[Site "Sao Paulo"]
[Date "2014.01.11"]
[Round "3"]
[White "Blank Goncalves, Eduardo"]
[Black "Lima, Venancio Mesquita"]
[Result "1-0"]
[WhiteElo "2180"]
[BlackElo "1858"]
[PlyCount "79"]
[EventDate "2014.01.09"]
[EventType "swiss"]
[EventRounds "6"]
[EventCountry "BRA"]
[SourceTitle "CBM 158 Extra"]
[Source "ChessBase"]
[SourceDate "2014.02.28"]
[SourceVersion "1"]
[SourceVersionDate "2014.02.28"]
[SourceQuality "1"]

1. d4 Nf6 2. Nf3 g6 3. Bf4 Bg7 4. e3 0-0 5. Be2 d6 6. h3 Nbd7 7. 0-0 c5 8. c3 b6 9. Nbd2 Bb7 10. Bh2 Rc8 11. Re1 h6 12. a4 a5 13. Nc4 Bxf3 14. Bxf3 cxd4 15. Qxd4 Nc5 16. Qd1 Nce4 17. Na3 Ng5 18. Be2 Qd7 19. Bf1 Rc5 20. Qb3 Nfe4 21. Re2 Nxh3+ 22. gxh3 Rh5 23. Qc2 Ng5 24. f4 Nxh3+ 25. Bxh3 Qxh3 26. Qe4 Rh4 27. Nc2 e5 28. Rf1 f5 29. Qf3 Rg4+ 30. Rg2 Qxf3 31. Rxf3 Rxg2+ 32. Kxg2 e4 33. Rf2 Kf7 34. Rd2 Ke6 35. Nd4+ Bxd4 36. Rxd4 Rc8 37. Bg3 d5 38. Bh4 g5 39. Bg3 Rc4 40. Rxc4 1-0

[Event "Sao Paulo Hebraica op 17th"]
[Site "Sao Paulo"]
[Date "2014.01.09"]
[Round "1"]
[White "Proudian, Armen"]
[Black "Lima, Venancio Mesquita"]
[Result "1-0"]
[WhiteElo "2273"]
[BlackElo "1858"]
[PlyCount "49"]
[EventDate "2014.01.09"]
[EventType "swiss"]
[EventRounds "6"]
[EventCountry "BRA"]
[SourceTitle "CBM 158 Extra"]
[Source "ChessBase"]
[SourceDate "2014.02.28"]
[SourceVersion "1"]
[SourceVersionDate "2014.02.28"]
[SourceQuality "1"]

1. e4 c5 2. Nf3 Nc6 3. d4 cxd4 4. Nxd4 Nf6 5. Nc3 g6 6. Be3 Bg7 7. Bc4 0-0 8. Bb3 d6 9. f3 Bd7 10. Qd2 a5 11. a4 Qb8 12. Ndb5 Rc8 13. Qf2 Ne5 14. Ba7 Rxc3 15. Bxb8 Rxb3 16. Ba7 Rxb2 17. 0-0 Rc8 18. Rac1 Bh6 19. Be3 Nxe4 20. Qe1 Ng5 21. Nd4 Rc4 22. f4 Nh3+ 23. gxh3 Rxd4 24. fxe5 Re4 25. Bxh6 1-0